000 00580nam a2200241 a 4500
001 nice12345678
003 IN_TiNIC
005 20260116012628.0
008 050524s1938 phia grp 000 0 eng
020 _a
_c117.5
082 0 0 _a230
_bBRU2
100 _aBrunner, Emil
245 _aDivine-Human Encounter
260 _aPhiladelphia
_bWestminster Press
_c1938
300 _a207p
500 _aincludes index and biblioraphy
505 2 _aBibliography
650 _aChristian-Theology
700 1 _aBrunner, Emil
902 _bSRS
942 _cBK
999 _c7733
_d7733